Commentaria ad instructionem P. P. Clementis XI pro oratione quadraginta horarum appendix ad decreta authentica congregationis...

Detalles Bibliográficos
Autor principal: GARDELLINI, Aloisio
Formato: Libro
Publicado: Roma 1856
Materias:
Colección:Banco de datos
Acervo:Biblioteca del Ex Convento de Nuestra Señora de Guadalupe. Zacatecas
Tema general:Liturgia
Notas:Buena. III,9,33(953). Sin marca de fuego
LEADER 00772nam a22001930004500
035 |a 39251 
036 |a 435 
100 1 |a GARDELLINI, Aloisio 
245 1 0 |a Commentaria ad instructionem P. P. Clementis XI pro oratione quadraginta horarum appendix ad decreta authentica congregationis... 
260 |a Roma  |b imp. Congrationis de Propaganda fide  |c 1856 
500 |a Buena. III,9,33(953). Sin marca de fuego 
650 1 0 |a Liturgia 
949 |a CRZ-CG 
959 |a Ex convento de Nuestra Señora de Guadalupe, Museo Regional de Zacatecas, Zacatecas  |b CCC4 
960 |a Convento de Nuestra Señora de Guadalupe, Zacatecas  |b DD87 
961 |a Franciscana  |b OF 
942 |c CRZ-CG 
943 |g Biblioteca del Ex Convento de Nuestra Señora de Guadalupe. Zacatecas 
999 |c 963378  |d 963378